000 00458nam a2200193Ia 4500
003 OSt
005 20251205110210.0
008 250729s2006 xx 000 0 und d
020 _a978-8184110487
040 _cAL
041 _aeng
082 _a640 KUMT
100 _aKumari Lakshmi V
_9225762
245 _aTechniques of teaching home science
260 _aNew Delhi
_c2006
300 _a191p
650 _aHome Science
_9225763
942 _2ddc
_cBED
999 _c237064
_d237064